000 00385nam a2200169Ia 4500
005 20240823054726.0
008 240823s9999||||xx |||||||||||||| ||und||
041 _aENGLISH
082 _A5.133
100 _aDas B B
245 0 _aProblem and Solutions on Pascal
260 _b#VALUE!
500 _aLOST
650 _aPascal
_bComputer Applications
942 _cBK
999 _c227132
_d227132